| 000 | 01307nam a2200301 a 4500 | ||
|---|---|---|---|
| 001 | 62565 | ||
| 003 | BD-RjUL | ||
| 005 | 20211209081111.0 | ||
| 008 | 170124r19671936enkaf bc 001 0 eng | ||
| 035 | _a(BD-RjUL)62691 | ||
| 040 |
_aDLC _cNcU _dBD-RjUL _beng |
||
| 041 | _aeng | ||
| 082 |
_a737.4934 _223 _bALC 1967 |
||
| 110 | 2 |
_aBritish Museum. _bDepartment of Coins and Medals. _9186011 |
|
| 245 | 1 | 0 |
_aCatalogue of the coins of ancient India / _cby John Allan. |
| 260 |
_aLondon : _bBritish Museum, _cc1967 |
||
| 300 |
_aclxvii, 318 p. : _bill. ; _c23 cm. |
||
| 500 | _aPhotolithographic reprint of 1936 ed. | ||
| 500 | _aHalf-title: A catalogue of the Indian coins in the British Museum. | ||
| 500 | _a"This volume of the Catalogue of Indian coins in the British Museum, the seventh of the series, deals with the coins issued by native rulers from the earliest times to about A. D. 300."--Pref. | ||
| 500 | _aThe coins here described are largely from the collection of Sir Alexander Cunningham. cf. Introd., p. [xiii] | ||
| 504 | _aIncludes bibliographical references and indexes. | ||
| 650 | 0 |
_aCoins, Indic. _9185857 |
|
| 650 | 0 |
_aNumismatics _zIndia. _9186006 |
|
| 700 | 1 |
_aAllan, John, _d1884-1955. _9186007 |
|
| 700 | 1 |
_aCunningham, Alexander, _cSir, _d1814-1893. _9186008 |
|
| 942 |
_2ddc _cBK |
||
| 999 |
_c62565 _d62565 |
||